000 00664nam a2200193Ia 4500
008 151121s9999||||xx |||||||||||||| ||und||
082 _a812/बेडेक
082 _bHNW-58362
100 _aबेडेकर विश्राम
245 _aवाजे पाऊल आपुले
260 _b"पॉप्युलर बुक डेपो, मुंबई।"
260 _c--
300 _a80
600 _aबेडेकर विश्राम
630 _aवाजे पाऊल आपुले
700 _aबेडेकर विश्राम
730 _aवाजे पाऊल आपुले
942 _cBOOK
999 _c1240229
_d1240226